| 000 | 00978pam a2200277 a 4500 | ||
|---|---|---|---|
| 001 | 4904956 | ||
| 003 | GBCCL | ||
| 005 | 20241126110415.0 | ||
| 008 | 940225s1994 miua b 000 0 eng | ||
| 010 | _a 94006932 | ||
| 020 | _a0825440688 (pbk.) | ||
| 040 |
_aDLC _cDLC _dDLC |
||
| 050 | 0 | 0 |
_aBV4011 _b.V55 1994 |
| 082 | 0 | 0 |
_a253 _220 _bVIT |
| 245 | 0 | 0 |
_aVital ministry issues : _bexamining concerns & conflicts in ministry / _cRoy B. Zuck, general editor. |
| 260 |
_aGrand Rapids, MI : _bKregel Resources, _cc1994. |
||
| 300 |
_a280 p. : _bill. ; _c22 cm. |
||
| 440 | 4 |
_aThe vital issues series _94184 |
|
| 504 | _aIncludes bibliographical references (p. 241-280). | ||
| 650 | 0 |
_aPastoral theology. _9414 |
|
| 650 | 0 |
_aClergy _xOffice. _9299 |
|
| 700 | 1 |
_aZuck, Roy B. _91164 |
|
| 906 |
_a7 _bcbc _corignew _d1 _eocip _f19 _gy-gencatlg |
||
| 942 |
_2ddc _cBK _04 |
||
| 999 |
_c2037 _d2037 |
||